Critical care skills : (رقم التسجيلة. 21471)
[ عرض عادي ]
| 000 -الفاتح | |
|---|---|
| حقل البيانات ثابتة الطول | 00909cam a2200277Ia 4500 |
| 001 - رقم الضبط | |
| رقم الضبط | 52784654 |
| 003 - محدد رقم الضبط | |
| رقم الضبط | OCoLC |
| 005 - وقت وتاريخ اخر تعامل مع التسجيلة | |
| رقم الضبط | 20150408114013.0 |
| 008 - عناصر البيانات ثابتة الطول - معلومات عامة | |
| حقل البيانات ثابتة الطول | 030728s2003 paua bf 001 0 eng |
| 015 ## - رقم الببليوجرافية الوطنية | |
| رقم الببليوجرافية الوطنية | GBA3-V6640 |
| 020 ## - الرقم الدولى المعيارى للكتب | |
| الرقم الدولى المعيارى للكتاب | 0721600859 |
| 040 ## - مصدر الفهرسة | |
| وكالة الفهرسة الأصلية | UKM |
| وكالة النسخ | UKM |
| وكالة التعديل | VET |
| -- | OCLCQ |
| 082 04 - رقم تصنيف ديوى العشرى | |
| رقم التصنيف | 610.7361 |
| رقم الطبعة | 21 |
| 096 ## - رقم استدعاء المكتبة الطبية الوطنية المحلى | |
| رقم التصنيف | WY 49 C9345 2004 |
| 245 00 - بيان العنوان | |
| العنوان | Critical care skills : |
| بقية العنوان | a clinical handbook / |
| بيان المسئوليه,etc | Barbara Clark Mims ... [et al.] |
| 250 ## - بيان الطبعة | |
| بيان الطبعة | 2nd ed. |
| 260 ## - PUBLICATION, DISTRIBUTION, ETC. (IMPRINT) | |
| مكان الناشر او الموزع | Philadelphia, Pa. ; |
| -- | London : |
| اسم الناشر او الموزع | W.B. Saunders, |
| تاريخ النشر أو التوزيع | 2003. |
| 300 ## - الوصف المادى | |
| التعداد | xx, 780 p. : |
| تفاصيل ماديه اخرى للوعاء | ill. ; |
| أبعاد الوعاء | 21 cm. |
| 500 ## - تبصرة عامة | |
| تبصرة عامة | Previous ed.: 1996. |
| 504 ## - تبصرة ببليوجرافية | |
| تبصرة ببليوجرافية,الخ | Includes bibliographical references and index. |
| 650 #0 - المدخل الاضافى بالموضوع-مصطلح موضوعى | |
| مصطلح موضوعي أو اسم جغرافي كعنصر مدخل | Intensive care nursing |
| التقسيم الفرعي الشكلي | Handbooks, manuals, etc. |
| 9 (RLIN) | 10732 |
| 650 12 - المدخل الاضافى بالموضوع-مصطلح موضوعى | |
| مصطلح موضوعي أو اسم جغرافي كعنصر مدخل | Critical Care |
| التقسيم الفرعي الشكلي | Handbooks. |
| 9 (RLIN) | 4716 |
| 650 12 - المدخل الاضافى بالموضوع-مصطلح موضوعى | |
| مصطلح موضوعي أو اسم جغرافي كعنصر مدخل | Nursing Care |
| التقسيم الفرعي العام | methods |
| التقسيم الفرعي الشكلي | Handbooks. |
| 9 (RLIN) | 10190 |
| 700 1# - المدخل الاضافى - اسم شخصى | |
| الإسم الشخصى | Mims, Barbara Clark. |
| 9 (RLIN) | 10733 |
| 942 ## - عناصر المدخل الإضافي( كوها) | |
| مصدر التصنيف او مخطط الترفيف | Dewey Decimal Classification |
| Koha [default] item type | كتاب |
| حالة الفقد | نموذج السعر الفعال | حالة تلف | ليس للاعارة | رقم الطلب | تاريخ الاكتساب | الموقع الحالي | الباركود | الفرع الرئيسي | Date last seen | نوع المادة فى نظام كوها | مصدر التصنيف او خطة الترفيف | Total Checkouts |
|---|---|---|---|---|---|---|---|---|---|---|---|---|
| 2013-03-10 | 610.7361 C R C | 2012-04-12 | مكتبة كلية العلوم الطبية التطبيقية بالمجمعة - طالبات (AMF) | 00025856 | مكتبة كلية العلوم الطبية التطبيقية بالمجمعة - طالبات (AMF) | 2013-03-10 | كتاب | Dewey Decimal Classification |
